Nyelvtan kvíz - Statistics

General Stats
  • This quiz has been taken 1 338 times
  • The average score is 15 of 20
Answer Stats
Question Answer % Correct
Melyik a helyes? Gólya
99%
Melyik a helyes? Igazság
97%
Melyik a helyes? Tetszett
97%
Melyik a helyes? biztos
96%
Melyik a helyes? Lesz
95%
Melyik a helyes? Szőlő
93%
Melyik a helyes? bakancs
91%
Melyik a helyes? cukrászda
90%
Melyik a helyes? Muszáj
87%
Melyik a helyes? Ahhoz
84%
Melyik a helyes? bolgár
83%
Melyik a helyes? címke
80%
Melyik a helyes? Áru
77%
Melyik a helyes? bábu
70%
Melyik a helyes? báty
60%
Melyik a helyes? aszimmetrikus
47%
Melyik a helyes? bujdosó
44%
Melyik a helyes? bója
41%
Melyik a helyes? Árpád híd
25%
Melyik a helyes? biztat
21%
No matching quizzes found
Score Distribution
Percent of People with Each Score
Percentile by Number Answered
Your Score History
You have not taken this quiz